Kalligram és környéke. Hizsnyai Zoltán válaszol Láng Zsolt kérdéseire
Elmentve itt :
| Szerző: | |
|---|---|
| Adatforrás: | Meister |
| Forrásdokumentuma: | Látó. - 5 sz., 1995, 37-40 p. |
| Nyelv: | magyar |
| Kulcsszavak: | intézménytörténet-interjú könyvkiadók sajtó szakmai intézmények Szlovákia CSANDA Gábor GRENDEL Lajos HIZSNYAI Zoltán TŐZSÉR Árpád Kalligram Irodalmi Szemle Szlovákiai Magyar Írók Társasága Madách Könyvkiadó Kalligram Könyvkiadó |
| LEADER | 00810nab a2200277 i 4500 | ||
|---|---|---|---|
| 001 | bibPRO00010513 | ||
| 008 | 060524s1995 xx hun | ||
| 040 | |a Sz1 | ||
| 041 | |a hun | ||
| 100 | 1 | |a LÁNG Zsolt | |
| 245 | 1 | 0 | |a Kalligram és környéke. Hizsnyai Zoltán válaszol Láng Zsolt kérdéseire |c LÁNG Zsolt |
| 695 | |a intézménytörténet-interjú | ||
| 695 | |a könyvkiadók | ||
| 695 | |a sajtó | ||
| 695 | |a szakmai intézmények | ||
| 695 | |a Szlovákia | ||
| 695 | |a CSANDA Gábor | ||
| 695 | |a GRENDEL Lajos | ||
| 695 | |a HIZSNYAI Zoltán | ||
| 695 | |a TŐZSÉR Árpád | ||
| 695 | |a Kalligram | ||
| 695 | |a Irodalmi Szemle | ||
| 695 | |a Szlovákiai Magyar Írók Társasága | ||
| 695 | |a Madách Könyvkiadó | ||
| 695 | |a Kalligram Könyvkiadó | ||
| 773 | 0 | |t Látó. - |g 5 sz., 1995, 37-40 p. | |